000 00795nam a2200205 4500
008 100513s1981 caua b 001 0 eng
020 _a0878081879 :gift
090 _aBV2070
_bP43w
_b1981
245 0 0 _aPerspectives on the world Christian movement : a reader /
_c[edited by] Ralph D. Winter, Steven C. Hawthorne ; associate editors, Darrell R. Dorr, D. Bruce Graham ; contributing editors, David J. Hesselgrave ... [et al.].
260 _aPasadena, Calif. :
_bWilliam Carey Library,
_cc1981.
300 _axv, 846 p. :
_bill. ;
_c23 cm.
504 _aIncludes bibliographical references and index.
650 4 _aEvangelistic work.
650 4 _aMissions.
951 _x00039175
700 1 _aWinter, Ralph D.
700 1 _aHawthorne, Steven C.,
_d1953-
942 _2ddc
999 _c34244
_d34244